Welcome to the Holygrace Academy Library

Please use search bar below to get started

THEEYATTILEKKU ORETHINOTTAM (Record no. 8899)

MARC details
000 -LEADER
fixed length control field 00349nam a22001337a 4500
082 ## - DEWEY DECIMAL CLASSIFICATION NUMBER
Classification number 894.812
Item number VAL/T
100 ## - MAIN ENTRY--AUTHOR NAME
Personal name VALIYAVEETTIL, ANILKUMAR
245 ## - TITLE STATEMENT
Title THEEYATTILEKKU ORETHINOTTAM
246 ## - VARYING FORM OF TITLE
Title proper/short title THEEYATTILEKKU ORETHINOTTAM
Remainder of title THEEYATTILEKKU ORETHINOTTAM
260 ## - PUBLICATION, DISTRIBUTION, ETC. (IMPRINT)
Place of publication INDIA
Name of publisher GAYATRI
Year of publication 2013
300 ## - PHYSICAL DESCRIPTION
Number of Pages 60
650 ## - SUBJECT ADDED ENTRY--TOPICAL TERM
Topical Term MALAYALAM STUDY
942 ## - ADDED ENTRY ELEMENTS (KOHA)
Koha item type Books
Holdings
Withdrawn status Lost status Collection code Home library Current library Shelving location Date acquired Source of acquisition Cost, normal purchase price Full call number Accession Number Koha item type
    Non-fiction Main Library Main Library SHELF-16L- MALAYALAM BIOGRAPHY,STUDIES/CRITICISM 06/05/2024 PURCHASED 50.00 894.812 VAL/T 13619 Books